Organic reaction mechanisms, 1977: an annual survey covering the literature dated December 1976 through Novermber 1977 (Record no. 200285)

MARC details
000 -LEADER
fixed length control field 00445nam a2200145Ia 4500
008 - FIXED-LENGTH DATA ELEMENTS--GENERAL INFORMATION
fixed length control field 230917s9999||||xx |||||||||||||| ||und||
040 ## - CATALOGING SOURCE
-- 67510
Original cataloging agency VIVEKANANDA LIBRARY
041 ## - Language
-- English
082 ## - DDC NUMBER
Classification number 547.139 K749O
100 ## - MAIN ENTRY--PERSONAL NAME
Personal name Knipe, A C, ed
245 #0 - TITLE STATEMENT
Title Organic reaction mechanisms, 1977: an annual survey covering the literature dated December 1976 through Novermber 1977
260 ## - PUBLICATION, DISTRIBUTION, ETC. (IMPRINT)
Place of publication, distribution, etc Chichester
Name of publisher, distributor, etc John Wiley
Date of publication, distribution, etc 1978
300 ## - PHYSICAL DESCRIPTION
Pages 741 p.
942 ## - ADDED ENTRY ELEMENTS (KOHA)
Koha item type Books
Holdings
Withdrawn status Lost status Damaged status Not for loan Location (home branch) Sublocation or collection (holding branch) Date acquired Koha issues (times borrowed) Koha full call number Accession No. Koha date last seen Koha item type
        VIVEKANANDA LIBRARY VIVEKANANDA LIBRARY 21/01/2003   547.139 K749O 59249 17/09/2023 Books
© Designed and Maintained by Vivekananda Library, MDU Rohtak